Podnikateľský plán v malom podniku
Gespeichert in:
| Format: | Buch |
|---|---|
| Sprache: | Tschechisch |
| Veröffentlicht: |
Bratislava
Actoris System
1991
|
| Ausgabe: | 1. vyd. |
| Schlagworte: | |
| Tags: |
Keine Tags, Fügen Sie das erste Tag hinzu!
|
MARC
| LEADER | 00000nam a2200000 4500 | ||
|---|---|---|---|
| 001 | c001148 | ||
| 005 | 20221214094524.5 | ||
| 041 | 0 | |a cze | |
| 044 | |a SK | ||
| 245 | 1 | 0 | |a Podnikateľský plán v malom podniku |
| 250 | |a 1. vyd. | ||
| 264 | 1 | |a Bratislava |b Actoris System |c 1991 | |
| 300 | |a 15 s. | ||
| 610 | 2 | 0 | |a plán podnikový |
| 610 | 2 | 0 | |a podnikanie |
| 610 | 2 | 0 | |a podnik malý |
| 610 | 2 | 0 | |a plánovanie strategické |
| 610 | 2 | 0 | |a financovanie podnikov |
| 610 | 2 | 0 | |a zisk podnikový |
| 610 | 2 | 0 | |a marketing |
| 610 | 2 | 0 | |a tvorba plánu |
| 610 | 2 | 0 | |a ČSFR |